00356pab a2200133 454500008004000000100002100040245006700061260000900128300001300137362001100150650001500161650001200176773003400188180718b2017 xxu||||| |||| 00| 0 eng d aNavlakha, Gautam aStrategic partners in defence production: deepening dependence c2017 ap.29-30. a17 Jun aProduction aDefence aEconomic and Political Weekly